| 000 | 01015cam a22001934a 4500 | ||
|---|---|---|---|
| 005 | 20250605164341.0 | ||
| 008 | 250528s ||||||||||||||||||||||||d | ||
| 035 | _a23604 | ||
| 040 |
_aGR-AtMCL _bgre _dGR-AtMCL _eAACR2 |
||
| 245 | 1 | _aThe Role of Luxury Goods as Social and Sexual Signals in Conspicuous Consumption | |
| 260 | _c2016 | ||
| 300 | _a145 | ||
| 520 | _aExecutive Summary, Acknowledgements, Introduction, Literature Review, Conspicious Consumption, Motivations for Conspicuous Consumption of Luxury Goods, Research Design and Methodology, Research Philosophy, Research Strategy, Research Design, Methods and Data Collection, Participants, Procedure, Ethical Considerations, Data Analysis, Presenting Findings for Qualitative Analysis, Discussion of Findings, Conclusions and Recommendations, Personal Reflection, References, Appendices. | ||
| 700 | 1 |
_aFilippidou Antigoni _99194 |
|
| 700 | 1 |
_aΛουκοπούλου Αποστολία _99195 |
|
| 942 | _cDS | ||
| 999 |
_c8604 _d8604 |
||